Statistiques concernant Vocabulaire "La maison"

Cliquez ici pour prendre le quiz!

Statistiques générales

  • Ce quiz a été pris 58 fois
  • Le résultat moyen est 20 sur 62

Statistiques - réponses

HintRéponse% Correct
casamaison
100%
puertaporte
98%
salónsalon
95%
cocinacuisine
86%
ventanafenêtre
86%
jardínjardin
81%
balcónbalcon
77%
garajegarage
74%
camalit
67%
escaleraescalier
63%
suelosol
63%
mesatable
58%
cómodacommode
56%
armarioarmoire
53%
vitrinavitrine
53%
chimeneacheminée
51%
lámparalampe
51%
taburetetabouret
51%
sofásofa
49%
comedorsalle à manger
44%
sillachaise
42%
paredmur
42%
habitación de invitadoschambre d'amis
40%
sillónfauteuil
40%
habitación de los niñoschambre des enfants
30%
cama individuallit individuel
30%
tejadotoit
30%
pasillocouloir
28%
techoplafond
28%
cortinarideau
26%
cuarto de bañosalle de bains
26%
bañotoilettes
26%
despachobureau
23%
dormitoriochambre à coucher
23%
mesilla de nochetable de nuit
23%
alfombratapis
23%
estanteríaétagère
19%
espejomiroir
16%
almohadaoreiller
14%
mantacouverture
12%
cuadrotableau
12%
bodegacellier
9%
sótanosous sol
9%
baulcoffre
7%
libreríalibraire
7%
colchónmatelas
7%
cunaberceau
5%
estante de paredétagère murale
5%
percheroportemanteau
5%
recibidorvestibule
5%
colchacouvre-lit
2%
cuarto de estarpièce à vivre
2%
zapateroplacard à chaussures
2%
mecedoraberceuse
0%
repisaconsole
0%
sábanadrap de lit
0%
cama de matrimoniolit doble
0%
buhardillamansarde
0%
biomboparavent
0%
cesta de ropaparier à lingue
0%
paragüeroporte-parapluies
0%
aseosanitaires
0%

Distribution des résultats

Percentile par nombre de réponses

% des personnes avec chaque résultat

Votre développement - résultats

Vous n’avez pas pris ce quiz